Tous les os du crâne humain (vue latérale) - Statistiques

Statistiques générales
  • Ce quiz a été pris 496 fois
  • Le résultat moyen est 9 sur 11
Réponses sur la Carte
Les réponses sont colorées sur une échelle allant du rouge au vert en fonction du pourcentage des utilisateurs qui les ont devinées à leur premier essai. Vous pouvez retrouver ces pourcentages ci-dessous.
 
Statistiques - réponses
Os % Correct
Os frontal
98%
Mandibule
91%
Os pariétal
91%
Os temporal
91%
Os nasal
88%
Os occipital
88%
Maxillaire
83%
Os sphénoïde
81%
Os zygomatique
71%
Os lacrymal
65%
Os ethmoïde
61%
Aucun quiz correspondant
Distribution des résultats
% des personnes avec chaque résultat
Percentile par nombre de réponses
Votre historique - résultats
Vous n’avez pas pris ce quiz